Todas las Fallas de Valencia - Estadísticas

Estadísticas generales
  • Esta prueba ha sido intentada 65 veces
  • La puntuación promedio es 29 de 383
Estadísticas de respuestas
Hint Respuesta % Correcto
Campanar-Hipòlit Rovira
70%
Mestre Arambul Sanz-Campanar
70%
Na Jordana
65%
Plaça del Pilar
61%
LA ROQUETA-ARRANCAPINS Convent de Jerusalem-Matemàtic Marzal
57%
PLA DEL REIAL-BENIMACLET Exposició-Misser Mascó
57%
Cuba-Literat Azorín
48%
Cuba-Buenos Aires
39%
Cuba-Dénia
39%
Cuba-Puerto Rico
39%
Peris i Valero-Cuba
39%
Sueca-Literat Azorín
35%
Jesús-Sant Francesc de Borja
30%
Monestir de Poblet-Aparicio Albiñana
30%
LA SEU – LA XEREA – EL MERCAT Plaça Mercat Central
30%
PATRAIX Arxiduc Carles-Xiva
26%
Dalt-Sant Tomàs
26%
Malva-Rosa-Antoni Ponz-Cavite
26%
Pelai-Matemàtic Marzal
26%
Pérez Galdós-Jesús-Mestre Sosa
26%
Regne de València-Duc de Calàbria
26%
Xiva-Francisco de Llano
26%
Albacete-Marvà
22%
Alberic-Heroi Romeu
22%
Arxiduc Carles-Músic Gomis
22%
Cadis-Dénia
22%
RUZAFA – B Cadis-Literat Azorín
22%
Ciscar-Borriana
22%
Conchita Piquer-Monestir de Poblet
22%
Duc de Gaeta-La Pobla de Farnals
22%
Quart-Palomar
22%
Regne de València-Mestre Serrano
22%
Regne de València-Sant Valer
22%
Reina-Pau-Sant Vicent
22%
Reina-Vicent Guillot
22%
Ribera-Convent de Santa Clara
22%
Sevilla-Dénia
22%
Bailén-Xàtiva
17%
Barri Beteró
17%
Blanqueries
17%
Cadis-Mossén Femenia-Puerto Rico
17%
Espartero-Mestre Plasencia
17%
Espartero-Ramón y Cajal
17%
Lleons-Poeta Mas i Ros
17%
Maria Ros-Sant Tomàs
17%
Pintor Salvador Abril-Peris i Valero
17%
Plaça de l’Arbre
17%
Plaça d’Espanya-Ramón y Cajal-Pintor Benedito
17%
Poeta Altet-Benicarló
17%
Quart-Túria
17%
Ramiro de Maeztu-Els Lleons
17%
Ripalda-Beneficència-Sant Ramon
17%
Ripalda-Soguers
17%
Sagunt-Sant Antoni-Pare Urbano
17%
Sagunt-Sant Guillem
17%
Sant Vicent-Marvà
17%
Serrans-Plaça Els Furs
17%
Trinitat-Alboraia
17%
Albereda-França
13%
Àngel Guimerà-Pintor Vila Prades
13%
Azcàrraga-Ferran el Catòlic
13%
Cadis-Els Centelles
13%
Carabasses-En Gall
13%
Carcaixent-Compromís de Casp
13%
Cases de Bàrcena
13%
Castelló-Sogorb
13%
Enginyer Manuel Soto – França
13%
Escalante-Empar Guillén
13%
Escalante-Marina
13%
Ferran el Catòlic-Àngel Guimerà
13%
Gayano Lluch
13%
Giorgeta-Roís de Corella
13%
Goya-El Brasil
13%
L’Alguer-Enginyer Rafael Janini
13%
Llanterna-Na Rovella-Avinguda de l’Oest
13%
Major-Moraira-Natzaret
13%
Molinell-Alboraia
13%
Nord-Doctor Zamenhoff
13%
Olivereta-Cerdà i Rico
13%
Pere Cabanes-Joan XXIII
13%
Pintor Maella-França-Menorca
13%
Plaça del Negret
13%
Plaça Doctor Collado
13%
RUZAFA – A Plaça Mercat de Russafa
13%
Plaça Mercé
13%
Primat Reig-Vinaròs
13%
Sant Antoni
13%
Sant Vicent-Periodista Azzati
13%
Tres Forques-Conca-Pérez Galdós
13%
Actor Mora-Constitució
9%
Alacant
9%
Antiga Senda de Senent-Albereda
9%
Arquebisbe Olaechea-Sant Marcel·lí
9%
Avinguda de França-Alfred Toran i Olmos
9%
Avinguda de l’Oest
9%
Baró de Patraix-Conca
9%
Barri de Sant Isidre
9%
Barri Quint-Pizarro
9%
Benicadell-Sant Roc
9%
Blasco Ibáñez-Mestre Ripoll
9%
Blocs Platja
9%
Borrull-Socors
9%
BOTANIC-LA PETXINA Borrull-Túria
9%
Burjassot-Carretera de Paterna
9%
Burjassot-Pare Carbonell
9%
Camí Nou de Picanya-Nicolau Primitiu
9%
Campament-La Iessa
9%
Cedre-Explorador Andrés
9%
Ceramista Ros-Josep Maria Mortes Lerma
9%
Cervantes-Pare Jofré
9%
Daroca-Pare Viñas
9%
Doctor Domingo Orozco-Bailén
9%
Doctor Joan Josep Dómine-Port
9%
Doctor Sanchis Bergón-Túria
9%
En Plom-Guillem de Castro
9%
Ferros-Joan Baptista Perales
9%
Frederic Mistral-Murta
9%
Guillem de Castro-Triador
9%
Humanista Mariner-Manuel Simó
9%
Illes Canàries-Dama d’Elx
9%
Illes Canàries-Trafalgar
9%
Indústria-Sants Just i Pastor
9%
Isabel la Catòlica-Ciril Amorós
9%
Joaquim Navarro-Carrícola
9%
CAMINS AL GRAU Lo Rat Penat
9%
Manuel de Falla-Tamarindes
9%
Menéndez y Pelayo-Catalunya
9%
Mestre Bellver-Marià Ribera
9%
Mestre Rodrigo-General Avilés
9%
RASCANYA Montortal-Torrefiel
9%
Mossén Sorell-Corona
9%
EL PILAR-SANT FRANCESC Murillo-Palomar
9%
Músic Espí-Gravador Fabregat
9%
Palleter-Erudit Orellana
9%
Pare Viñas-Agustín Lara
9%
Pere Cabanes-Comte de Lumiares
9%
Pérez Galdós-Calixt III
9%
Periodista Gil Sumbiela-Assutzena
9%
Peu de La Creu-En Joan de Vila-Rasa
9%
Pius XI-Fontanars
9%
Plaça Bisbe Amigó-Conca
9%
Plaça de l’Àngel
9%
Plaça Patraix
9%
Plaça Pintor Segrelles
9%
República Argentina-Doctor Pallarés Iranzo
9%
Riu Tajo-Cavite
9%
Rosari-Plaça Calabuig
9%
Rubén Darío-Fra Lluís Colomer
9%
Santa Genoveva Torres-Arquitecte Tolsà
9%
Sant Joan Bosco-Duc de Mandas
9%
Sant Josep de la Muntanya-Terol
9%
Tarongers-Universitat Politècnica
9%
Veneçuela-Agustí Sales
9%
Acàcies-Picaio
4%
Alemanya-El Batxiller
4%
Alfons el Magnànim-Nau-Bonaire
4%
Andreu Piles Ivars-Salvador Tuset
4%
Arts i Oficis-Actor Llorens
4%
Avinguda de Burjassot-Joaquim Ballester
4%
Avinguda de Valladolid-Enginyer Vicent Pichó
4%
Baix-Mesó de Morella
4%
Baró de San Petrillo-Leonor Jovani
4%
Barri de La Llum
4%
ALGIROS Barri de Sant Josep
4%
Bilbao-Maximilià Thous
4%
Bisbe Jaume Pérez-Lluís Oliag
4%
Bosseria-Tossal
4%
Camí de Montcada-Pintor Jacomart
4%
Carrera de Malilla-Illa Cabrera
4%
Carters-Litògraf Pasqual i Abad
4%
BENICALAP Ciutat de l’Artista Faller
4%
Comte de Salvatierra-Ciril Amorós
4%
Conserva-Berenguer Mallol
4%
MISLATA Creu i Mislata
4%
Doctor Álvaro López-Sant Joan de Déu
4%
Doctor Manuel Candela-Avinguda del Port
4%
Doctor Manuel Candela-Beatriz Tortosa
4%
Doctor Marañón-Mestre Palau
4%
Fèlix Pizcueta-Ciril Amorós
4%
Ferran el Catòlic-Erudit Orellana
4%
Francesc Climent-L’Uruguai
4%
General Llorens
4%
General Pando-Serrano Flores
4%
Gravador Esteve-Ciril Amorós
4%
Guillem Sorolla-Recaredo
4%
Iecla-Cardenal Benlloch
4%
Isaac Peral-Misser Mascó
4%
Isabel de Villena-Gregorio Gea
4%
Jacint Labaila-Manuel Simó
4%
JESUS Joan d’Aguiló-Gaspar Aguilar
4%
Josep Benlliure-Teatre de la Marina
4%
Josep Benlliure-Vicent Guillot
4%
Josep Soto Micó-Síndic Mocholí
4%
Just Vilar-Mercat del Cabanyal
4%
CAMPANAR La Vall de Laguar-Pare Ferris
4%
L’Eliana-El Cid
4%
Lepant-Guillem de Castro
4%
L’Equador-Alcalde Gurrea
4%
Llibertat-Teodor Llorente
4%
Llorers-Arquitecte Lucini
4%
OLIVERETA Lluís Lamarca-Velázquez
4%
Màlaga-Doctor Montoro
4%
Mare de Déu de la Cabeça-J.M. Mortes Lerma
4%
Mare de Déu de la Fontsanta
4%
Marqués de Montortal-Berní i Català
4%
Marqués de Montortal-Josep Esteve
4%
Menorca-Lluís Bolinches
4%
Mercat de Castella
4%
Ministre Luis Mayans-Argenter Suárez
4%
Pare Domènech-Pius XII
4%
Pare Lluís Navarro-Remunta
4%
Pare Santonja-Cardenal Benlloch
4%
Pintor Domingo-Guillem de Castro
4%
Pintor Pasqual Capuz-Fontanars
4%
Pintor Salvador Abril-Pere III El Gran
4%
Pintor Stolz-Burgos
4%
Plaça de la Tenda
4%
Plaça del Pouet
4%
CANYAMELAR-GRAU-NAZARET Plaça La Creu -Els Àngels
4%
Plaça Santa Creu
4%
Plaça Sant Bult
4%
Plaça Sant Joan
4%
Plaça Segòvia-Doctor Tomàs Sala
4%
Poeta Alberola-Totana
4%
Poeta Asins-Alegret-Puçol
4%
Poeta Llorente
4%
Polo y Peyrolón-Ciutat de Mula
4%
EL CARMEN Portal de la Valldigna-Salines
4%
Progrés-Teatre de la Marina
4%
Puebla de Valverde-II República Espanyola
4%
Quart Extramurs-Velázquez
4%
Ramon de Rocafull-Comte d’Alaquàs
4%
Regne de València-Ciscar
4%
Riu Bidasoa-Comte de Torrefiel
4%
Salamanca-Comte d’Altea
4%
Santa Maria Micaela-Martí l’Humà
4%
Santiago Rusiñol-Comte de Lumiares
4%
Sant Pere-Mare de Déu de la Vallivana
4%
Sant Vicent de Paül-Dip. Clara Campoamor
4%
Universitat Vella-Plaça Patriarca
4%
Vicent Sancho Tello-Xile
4%
Vilanova de Castelló-Horticultor Galán
4%
Visitació-Oriola
4%
Alcàsser-Iàtova
0%
PLA DEL REMEI-GRAN VIA Almirall Cadarso-Comte d’Altea
0%
Alqueries de Bellver-Garbí
0%
Àngel Villena-Pintor Sabater
0%
Aras de Alpuente-Castell de Pop
0%
Arquitecte Alfaro-Francesc Cubells
0%
Ausiàs March-Na Rovella
0%
Avgda.Burjassot-Serra d’Agullent
0%
Avinguda de la Plata-La Senyera
0%
Barraca-Columbretes
0%
Barraca-Església del Rosari
0%
MALVARROSA-CABANYAL-BETERO Barraca-Espadà
0%
Benimodo-Enginyer Dicenta
0%
Blas Gámez – Ángel Villena
0%
Calvo Acacio
0%
LA CREU COBERTA Camí d’Alba-Castell de Cullera
0%
Camí de Barcelona-Travessera i Camí de Montcada
0%
Carrera de Malilla-Enginyer J. Benlloch
0%
Carrera de Sant Lluís-Doctor Waksman
0%
Carrera de Sant Lluís-Rafael Albiñana
0%
Carretera d’Escrivà-Coop. de Sant Ferran
0%
Castielfabib-Marqués de Sant Joan
0%
Ciutat de Córdova-Vicent Tomàs Martí
0%
Corretgeria-Bany dels Pavesos
0%
Costa i Borràs-Agustina d’Aragó
0%
Cristòfol Sorní-Mestre Ferran Martí
0%
Cuenca Tramoyeres-La Guàrdia Civil
0%
Doctor Gil i Morte-Doctor Vila Barberà
0%
Doctor Gómez Ferrer
0%
ZAIDIA Doctor Olóriz-Arquebisbe Fabián i Fuero
0%
Doctor Peset Aleixandre-En Guillem Ferrer
0%
Doctor Serrano-Carles Cervera-Clero
0%
Dr. García Brustenga – Vicente Barrera Cambra
0%
Embarcador-Historiador Betí
0%
Enginyer Josep Sirera-Pius IX
0%
Enginyer Manuel Maese-Cristóbal Llorens
0%
En Sendra-Plaça Coll
0%
Escultor García Mas-Puerto de Santa María
0%
Evarist Bas-Cullera
0%
Felipe Bellver-Mare Ràfols
0%
Fermín Galán i García Hernández-Primavera
0%
Fontcalent-Lebon
0%
Fra J. Rodríguez-Pintor Cortina
0%
POBLATS AL SUD Glòria-Felicitat-El Tremolar
0%
Gonzalo Tejero Langarita – Vicente Chuliá Campos
0%
Gravador Jordán-Escultor Pastor
0%
Grup de Peixcadors del Perellonet
0%
Grups Mare de Déu del Carme
0%
Guardacostes-Músic Jarque Cualladó
0%
Hellín-Pere de Luna
0%
Hernández Lázaro-Vall de la Ballestera
0%
Hort de Sant Valer-Avinguda de la Plata
0%
Isaac Peral-Méndez Núñez
0%
Jacinto Benavente-Regina Na Germana
0%
Jerónima Galés-Litògraf Pascual i Abad
0%
Jesús Morante Borrás-Caminot (La Punta)
0%
Joan Baptista Vives
0%
Joaquim Costa-Borriana
0%
Joaquim Costa-Comte d’Altea
0%
Josep Maestre
0%
Josep Maria Bayarri-Los Isidros
0%
Josep Maria Haro-Poeta Mas i Ros
0%
L’Alcota-Sagunt
0%
La Pobla del Duc-Benipeixcar
0%
La Vall d’Albaida-La Canal de Navarrés
0%
Lepant-En Joan d’Àustria
0%
L’Horta Sud-La Costera
0%
Lluís Oliag-Mariola-Granada
0%
Luz Casanova-Pare Espasa
0%
Manuel Arnau-La Creu Coberta
0%
Manuel Melià i Fuster-Carles Cortina
0%
Manuel Melià i Fuster-María Fernanda D’Ocón lomer
0%
Marià Benlliure-Séquia de Tormos
0%
Maria Ros-Manuel Iranzo
0%
Marqués de Caro-Doctor Chiarri
0%
Marqués de Lozoya-Poeta Josep Cervera i Grifol
0%
Marqués de Solferit
0%
Maties Perello-Lluís de Santàngel
0%
Mendizábal
0%
Mestre Aguilar-Maties Perelló
0%
Mestre Gozalbo-Comte d’Altea
0%
Mestre Lope-Josep Carsí
0%
Mestre Serrano-Alacant
0%
Mestre Valls-Marí Albesa
0%
Misser Rabassa-Poeta Maragall
0%
Mont de Pietat
0%
Montesa – Dr. Marañón
0%
Mossén Josep Cuenca-Pinedo
0%
Nador-Miraculosa
0%
Nàquera-Lauri Volpi
0%
Norman Bethune – Guillem Despuig
0%
Oltà-Juan Ramón Jiménez
0%
Pare Alegre-Enric Navarro
0%
Pianista Martínez Carrasco-Eslida
0%
Pi i Margall-Arturo Cervellera
0%
Pius XII-Jaume Roig
0%
Pizarro-Ciril Amorós
0%
Plaça de la Moreria
0%
Plaça del Poble.-Sant Roc
0%
Plaça Doctor Berenguer Ferrer
0%
Plaça Hondures
0%
Plaça Jesús
0%
BENIMAMET-BURJASOT-BENIFERRI Plaça Lluís Cano
0%
Plaça Lope de Vega
0%
Plaça Mare de Déu de Lepant
0%
Plaça Mercat de Montolivet
0%
Plaça Mossén Milà
0%
Plaça Pere María Orts i Bosch
0%
Plaça Rojas Clemente
0%
Plaça Sant Miquel-Vicent Iborra
0%
Plaça Sequiota-El Palmar
0%
Plaça Vicent Castell Maíques
0%
Poeta Emili Baró-Enric Ginesta
0%
Poeta García Lorca-Oltà
0%
Portugal-Fragata
0%
Primat Reig-Sant Vicent de Paül
0%
Ramiro de Maeztu-Humanista Furió
0%
Riu Segura-Forn d’Alcedo
0%
Rodríguez de Cepeda-Llorenç Palmireno
0%
Rubén Vela-Doctor Waksman
0%
Saineter Arniches-Arquitecte Ribes
0%
Salvador Giner-Gregori Gea
0%
Santa Cruz de Tenerife
0%
Sant Ignasi de Loiola-Jesús i Maria
0%
Sant Josep de Pignatelli-Doctor Peset Aleixandre
0%
Sant Rafael-Antón Martín
0%
Sants Just i Pastor-Serradora
0%
Sant Vicent Màrtir-Pianista Empar Iturbi
0%
QUATRE CARRERES Sapadors-Vicent Lleó
0%
Sèneca-Iecla
0%
Sèneca-Poeta Mas i Ros
0%
Senent Ibáñez-Massarrojos
0%
Serra Martés-Miguel Servet
0%
Suïssa-L’Alquería del Favero
0%
Tomasos-Carles Cervera
0%
Tres Camins-Pinedo
0%
Tribunal de les Aigües
0%
QUART DE POBLET-XIRIVELLA València-Teodor Llorente
0%
Vidal de Canyelles-Sánchez Coello
0%
Vivons-Romeu de Corbera
0%
No se encontraron pruebas coincidentes
Distribución de puntuación
Porcentaje de gente con cada puntuación
Porcentaje por número respondido
Historial de tus puntuaciones
No has intentado esta prueba.